000 00448nam a2200169Ia 4500
003 GCL
008 140319s9999 xx 000 0 ara d
040 _aGCL /
_cGCL
082 0 4 _a810.9
_bط و
100 1 _aطه حسين
245 1 0 _aالوعد الحق /
_cطه حسين
300 _a172 ص
490 _aروائع الادب العربى
_v0
650 0 4 _aالادب العربى
650 0 4 _aالقصص العربية
942 _2ddc
_cBK
999 _c39218
_d39218